Lễ tết Trung Quốc

Giới thiệu các ngày lễ tết cổ truyền, lễ tết theo quy định của pháp luật và lễ tết các dân tộc thiểu số Trung Quốc

Сохранить в:
Библиографические подробности
Главный автор: Vi, Lê Minh
Формат:
Язык:Undetermined
Опубликовано: Thành phố Hồ Chí Minh Tổng hợp Thành phố Hồ Chí Minh 2012
Предметы:
Метки: Добавить метку
Нет меток, Требуется 1-ая метка записи!
Thư viện lưu trữ: Trung tâm Học liệu Trường Đại học Cần Thơ
LEADER 00846nam a2200229Ia 4500
001 CTU_193184
008 210402s9999 xx 000 0 und d
020 |c 72000 
082 |a 394.26951 
082 |b M312 
100 |a Vi, Lê Minh 
245 0 |a Lễ tết Trung Quốc 
245 0 |c Vi Lê Minh ; Đinh Thị Thu dịch 
260 |a Thành phố Hồ Chí Minh 
260 |b Tổng hợp Thành phố Hồ Chí Minh 
260 |c 2012 
520 |a Giới thiệu các ngày lễ tết cổ truyền, lễ tết theo quy định của pháp luật và lễ tết các dân tộc thiểu số Trung Quốc 
650 |a Festivals,Lễ hội 
650 |x Trung Quốc 
650 |z China 
910 |a Hải 
980 |a Trung tâm Học liệu Trường Đại học Cần Thơ